| 000 | 00616nam a2200205 a 4500 | ||
|---|---|---|---|
| 005 | 20240607063641.0 | ||
| 008 | 010625m19931999es r 000 0 spa d | ||
| 020 | _a8436807197 | ||
| 035 | _aUPN01000108933 | ||
| 049 | _aCG | ||
| 050 | 4 |
_aBF39 _bA5.2 |
|
| 245 | 0 | 0 |
_aAnálisis de datos en psicología / _cJuan Botella ... [et al.]. |
| 260 |
_aMadrid : _bPirámide, _c1993 (1999 impr.). |
||
| 300 |
_a2 v. : _bil., cuadros, tablas |
||
| 440 | 0 | _aPsicología | |
| 650 | 4 |
_aPSICOLOGIA - _xMETODOS ESTADISTICOS _96558 |
|
| 650 | 2 |
_aAnálisis de datos _9269 |
|
| 700 | 1 |
_aBotella, Juan, _ecoaut. _942704 |
|
| 905 | _aLibro | ||
| 999 |
_c82844 _d82844 |
||